| 000 | 00815cab a2200241 4500 | ||
|---|---|---|---|
| 001 | ABS59440 | ||
| 008 | 090401t1998 xxu||||| |||| 00| 0 eng d | ||
| 035 | _a(Sirsi) u89120 | ||
| 041 | _aeng | ||
| 245 | _aFar reaching consequences of the retail revolution | ||
| 260 | _c1998 | ||
| 350 | _a0 | ||
| 490 |
_aProperty Forecast _v1(7) October 1998, 3(1) |
||
| 520 | _aAnalyses how the changing trends in retailing to provide more services to the customer `in their own homes` and less from the high street, may affect future property requirements in this sector. | ||
| 650 | _aDEMAND | ||
| 650 | _aHIGH STREET SHOPPING | ||
| 650 | _aPROPERTY REQUIREMENTS | ||
| 650 | _aRETAILING | ||
| 650 | _aTELESHOPPING | ||
| 690 | _aPROPERTY-COMMERCIAL PROPERTY-RETAIL PROPERTY | ||
| 942 | _n0 | ||
| 948 | _c20/10/1998 | ||
| 999 |
_c56348 _d56348 |
||